000 00443nam a2200181Ia 4500
008 210210b1930 xxu||||| |||| 00| 0 eng d
041 _aeng
082 _a519/117
100 _aYOUNG
245 _aElementary mathematical analysis
260 _aNew York
_bThe Macmillan Company
_c1930
650 _amathematical
650 _aElementary
650 _aanalysis
690 _aMathematical Analysis
700 _aMORGAN
906 _a007978
999 _c140836
_d140836